Sports Quiz

Random Sports or World Cup Quiz

Men's & Women's World Cup Quiz Stats

 Plays Quiz Updated Jun 7, 2019

Score 0/33 Timer 05:00
0 Plays Today
Participation Nation % Correct
Men's: 10/21
Women's: 8/8
United States
97.4%
Men's: 21/21
Women's: 8/8
Brazil
96.5%
Men's: 19/21
Women's: 8/8
Germany
94.5%
Men's: 15/21
Women's: 4/8
France
94.3%
Men's: 17/21
Women's: 3/8
Argentina
92%
Men's: 6/21
Women's: 8/8
Japan
91.3%
Men's: 15/21
Women's: 5/8
England
90.8%
Men's: 15/21
Women's: 2/8
Spain
90.7%
Men's: 18/21
Women's: 3/8
Italy
88.6%
Men's: 1/21
Women's: 7/8
China
87.6%
Men's: 12/21
Women's: 8/8
Sweden
85.7%
Men's: 16/21
Women's: 3/8
Mexico
85.6%
Men's: 1/21
Women's: 7/8
Canada
85.5%
Men's: 5/21
Women's: 7/8
Australia
84.6%
Men's: 11/21
Women's: 2/8
Russia
82.3%
Men's: 10/21
Women's: 3/8
South Korea
82%
Men's: 10/21
Women's: 2/8
Netherlands
80.6%
Participation Nation % Correct
Men's: 3/21
Women's: 8/8
Norway
79.6%
Men's: 9/21
Women's: 1/8
Chile
78.2%
Men's: 3/21
Women's: 1/8
South Africa
74.4%
Men's: 5/21
Women's: 4/8
Denmark
72.4%
Men's: 2/21
Women's: 5/8
New Zealand
68.2%
Men's: 8/21
Women's: 1/8
Scotland
67.9%
Men's: 6/21
Women's: 2/8
Colombia
63.5%
Men's: 10/21
Women's: 1/8
Switzerland
63.3%
Men's: 6/21
Women's: 8/8
Nigeria
61.8%
Men's: 7/21
Women's: 1/8
Cameroon
58.8%
Men's: 2/21
Women's: 4/8
North Korea
55.5%
Men's: 1/21
Women's: 1/8
Jamaica
53.8%
Men's: 5/21
Women's: 1/8
Costa Rica
45.9%
Men's: 3/21
Women's: 3/8
Ghana
44.7%
Men's: 3/21
Women's: 1/8
Ecuador
39.5%
Men's: 3/21
Women's: 1/8
Côte d'Ivoire
37.4%

You're not logged in!

Compare scores with friends on all Sporcle quizzes.
OR
Log In

Sporcle TV

Today on Sporcle TV


Watch our educational content, quiz creation guides, and fun videos on Sporcle TV.

Show Comments

Extras

Top Quizzes Today


Score Distribution

Your Account Isn't Verified!

In order to create a playlist on Sporcle, you need to verify the email address you used during registration. Go to your Sporcle Settings to finish the process.

Report this User

Report this user for behavior that violates our Community Guidelines.

Details: